Jaki jest język w danej części kraju? #2 - Statystyki

Ogólne statystyki
  • Ten quiz został rozwiązany 19 razy
  • Średni wynik to 8 z 16
Statystyki odpowiedzi
Obrazkowy Odpowiedź % Poprawnych
Grecki
100%
Rumuński
88%
Perski
76%
Hindi
71%
Bengalski
65%
Malediwski
65%
Tadżycki
65%
Nepalski
59%
Urdu
59%
Syngaleski
47%
Łaciński
35%
Paszto
35%
Gudźarati
24%
Pendżabski
24%
Bhili
6%
Marwari
0%
Nie znaleziono quizów pasujących do podanych kryteriów
Rozkład punktacji
Procent ludzi z każdym wynikiem
Percentyl według liczby udzielonych odpowiedzi
Twoja historia wyników
Nie rozwiązałeś tego quizu